00533nam a2200157 i 4500001000700000003000900007005001700016007000300033008004100036110003600077245012800113260004300241300002100284710003600305852003400341147531ES-MaACL20250902011941.0t|071002q1966 sp ||||1| spa d2 aUniversidad Comercial de Deusto10aCentro de Investigación sobre la inversión, capital y riqueza nacional de España / cUniversidad Comercial de Deusto. a[Bilbao : bGráf. Ellacuria, c1966] a24 p. ; c28 cm.2 aUniversidad Comercial de Deusto aES-MaACLj2053-F-19 bR.60582